| 000 | 00865cab a2200265 4500 | ||
|---|---|---|---|
| 001 | WB3305-09 | ||
| 008 | 090401t1997 xxu||||| |||| 00| 0 eng d | ||
| 035 | _a(Sirsi) u39132 | ||
| 041 | _aeng | ||
| 245 | _aLocal authority liability | ||
| 260 | _c1997 | ||
| 350 | _a0 | ||
| 490 |
_aEstates Gazette _v(9704) 25 January 1997, 140(1) |
||
| 520 | _aDiscusses the issue of builders duty of care to the owners of the building and how local authorities can limit their liability in such cases. Case law. | ||
| 650 | _aANNS AND OTHERS V MERTON LBC | ||
| 650 | _aBUILDING DEFECTS | ||
| 650 | _aDUTY OF CARE | ||
| 650 | _aLIABILITY | ||
| 650 | _aLOCAL AUTHORITIES | ||
| 650 | _aMURPHY V BRENTWOOD | ||
| 650 | _aTESCO STORES LTD V WARDS CONSTRUCITON (INVESTMENT) LTD | ||
| 690 | _aBUILT ENVIRONMENT-BUILDING PATHOLOGY | ||
| 942 | _n0 | ||
| 948 | _c04/03/1997 | ||
| 999 |
_c25100 _d25100 |
||